Systém darcovstva orgánov pre transplantácie v Slovenskej republike
Analýza systému darcovstva orgánov v Slovenskej republike so zameraním na legislatívne aspekty, a na to nadväzujúce praktické výzvy. Právna úprava a fungovanie darcovstva orgánov v Chorvátsku, vykazujúce najlepšie výsledky v rámci počtu uskutočnených transplantácií.
Salvato in:
| Autore principale: | |
|---|---|
| Natura: | Capitolo di libro |
| Lingua: | slovacco |
| Soggetti: | |
| Tags: |
Nessun Tag, puoi essere il primo ad aggiungerne!!
|
MARC
| LEADER | 00000naa a2200000 4500 | ||
|---|---|---|---|
| 001 | 0267383 | ||
| 005 | 20200731092559.6 | ||
| 041 | 0 | |a slo | |
| 044 | |a SK | ||
| 245 | 1 | 0 | |a Systém darcovstva orgánov pre transplantácie v Slovenskej republike |c Soňa Ralbovská Sopúchová |
| 520 | |a Analýza systému darcovstva orgánov v Slovenskej republike so zameraním na legislatívne aspekty, a na to nadväzujúce praktické výzvy. Právna úprava a fungovanie darcovstva orgánov v Chorvátsku, vykazujúce najlepšie výsledky v rámci počtu uskutočnených transplantácií. | ||
| 610 | 2 | 0 | |a analýzy |
| 610 | 2 | 0 | |a legislatíva |
| 610 | 2 | 0 | |a systémy právne |
| 610 | 2 | 0 | |a etika |
| 610 | 2 | 0 | |a medicína |
| 610 | 2 | 0 | |a teória a prax |
| 610 | 2 | 0 | |a Slovensko |
| 610 | 2 | 0 | |a Európa |
| 610 | 2 | 0 | |a Chorvátsko |
| 100 | 1 | |a Ralbovská Sopúchová, Soňa | |